The dark arena

Saved in:
Bibliographic Details
Main Author: Puzo, Mario, 1920-1999
Format: Book
Language:English
Published: New York : Dell, c1953
Subjects:
Tags: Add Tag
No Tags, Be the first to tag this record!

MARC

LEADER 00000cam a2200000 i 4500
001 1/9489
008 000815s1953 eng d
035 |l 10063070 
040 |a GR-MY-UA  |b gre  |e aacr 
041 0 |a eng 
082 0 |a 813.54 
100 1 |a Puzo, Mario,   |d 1920-1999. 
245 1 4 |a The dark arena /  |c by Mario Puzo 
260 |a New York :   |b Dell,   |c c1953 
300 |a 256 p.;  |c 18 cm 
650 0 0 |a American fiction  |y 20th century. 
852 |a INST  |b CHIOS  |e 20000815  |h 813.54 PUZ  |p 005200017917  |q 005200017917  |t BK  |y 0 
901 |a BIBL2-2000-2 
909 |a Χ  |b 016131 
970 |z 2000/08/ΠΕΤΡΟΣ